| 000 | 00846cam a22002413a 4500 | ||
|---|---|---|---|
| 001 | 31279 | ||
| 003 | PGUSA | ||
| 005 | 20140828083657.0 | ||
| 008 | 100215s2010||||xxu|||||s|||||000 | eng d | ||
| 040 |
_aPGUSA _beng |
||
| 042 | _adc | ||
| 050 | 4 | _aE151 | |
| 100 | 1 |
_aMiller, Kelly, _d1863-1939 |
|
| 245 | 1 | 2 |
_aA Review of Hoffman's Race Traits and Tendencies of the American Negro : _bThe American Negro Academy. Occasional Papers No. 1 _h[electronic resource] / _cKelly Miller |
| 260 |
_bProject Gutenberg, _c2010 |
||
| 506 | _aPublic domain in the USA. | ||
| 516 | _aElectronic text | ||
| 653 | _aHoffman, Frederick L. (Frederick Ludwig), 1865-1946. Race traits and tendencies of the American Negro | ||
| 653 | _aAfrican Americans | ||
| 830 | 0 |
_aProject Gutenberg _v31279 |
|
| 856 | 4 | 0 | _uhttp://www.gutenberg.org/ebooks/31279 |
| 942 | _cEB | ||
| 999 |
_c260534 _d260534 |
||